Literacy, technology, and diversity : teaching for success in changing times

Αποθηκεύτηκε σε:
Λεπτομέρειες βιβλιογραφικής εγγραφής
Κύριος συγγραφέας: Cummins, Jim 1949-
Άλλοι συγγραφείς: Brown, Kristin, Sayers, Dennis
Μορφή: Βιβλίο
Γλώσσα:English
Δημοσίευση: Boston : Pearson, c2007
Θέματα:
Ετικέτες: Προσθήκη ετικέτας
Δεν υπάρχουν, Καταχωρήστε ετικέτα πρώτοι!

MARC

LEADER 00000nam a2200000 i 4500
001 1/63292
008 071116s2007 eng d
020 |a 0-205-38935-X 
035 |l 10092343 
040 |a GR-MY-UA  |b gre  |e aacr 
041 0 |a eng 
082 0 |a 302.2  |2 (22) 
100 1 |a Cummins, Jim  |d 1949- 
245 1 0 |a Literacy, technology, and diversity :  |b teaching for success in changing times /  |c Jim Cummins ; Kristin Brown, Dennis Sayers 
260 |a Boston :   |b Pearson,   |c c2007 
300 |a viii, 280 σ.;  |c 24 εκ.+  |e + 1 CD-ROM  
504 |a Περιλαμβάνει βιβλιογραφίες και ευρετήριο 
650 0 0 |a Children with social disabilities  |x Education  |z United States. 
650 0 0 |a Literacy  |z United States. 
650 0 0 |a Educational technology  |z United States. 
650 0 0 |a Multicultural education  |z United States. 
650 0 0 |a School improvement programs  |z United States. 
700 1 |a Brown, Kristin. 
700 1 |a Sayers, Dennis. 
852 |a INST  |b RHODES  |e 20071116  |h 302.2 CUM  |p 005400025278  |q 005400025278  |t BK  |y 0 
852 |a INST  |b RHODES  |e 20071122  |h 302.2 CUM   |p 005400025142  |q 005400025142  |t BK  |y 0 
901 |a BIBL4-2007-3 
909 |a Ρ  |b 140184 
909 |a Ρ  |b 128128 
922 |a 4ΕΛΗ  |b 200711  |c ΕΠΕΑΕΚ2/ΠΤΔΕ  |d ΕΛΕΥΘΕΡΟΥΔΑΚΗΣ 
970 |a ΜΙΣΣΟΣ  |b ΣΤΑΥΡΟΣ  |z 2007/11/16